00373 a2200109 4500001000900000005001700009008004100026245011400067100002300181773004200204999001700246ART_685220260410161621.0260409a 10aInspección General de Justicia- Declaración jurada de actualización de datos (Res. Gral. (IGJ) 01/2010)1 aPiñeiro, Horacio0 tEnfoquesg- Nº 8 (ago. 2010)wREV416 c11575d11575